Every Apple Color - Statistics

General Stats
  • This quiz has been taken 27 times
  • The average score is 13 of 45
Answer Stats
Devices with the Color Color % Correct
U2 Special Edition iPods/Apple Watch Red
96%
Several iPhones/Old Gen iPads/iPad Mini 1/iPod Touch 4/Most iPods/iPod Nano 1/iPod Shuffle 1/Apple Watch (Ceramic)/HomePod (Mini)/AirPods/MacIntosh/Apple Pippin/eMac/iMac White
96%
iPhone 5c/iPhone 11-13 (Mini)/iPad Air (4th Gen)/iPod Minis/iPod Nanos/iPod Shuffles/Apple Watch/AirPods Max/iMac Green
92%
Several iPhones/All iPad Pro/All iPad Air/Old Gen iPads/iPad Mini 1/Several iPod/iPod Nanos Touch/Most iPods/Apple TV 3-4K 2nd Gen Black
88%
iPhone 5c/iPhone XR/iPhone 12-13 (Mini)/iPad Air (5th Gen)/iPod Touch 5-7/iPod Minis/iPod Nanos/iPod Shuffles/Apple Watch/iMac Blue
88%
iPhone 5c/iPhone XR-11/iPod Touch 5/iPod Nanos/iPod Shuffle 4/Apple Watch (18K Gold)/iMac Yellow
83%
Apple Watch (Ceramic) Gray
79%
iPhone 11-12 (Mini)/iPad Air (5th Gen)/iPad Mini 6/iPod Nanos/iPod Shuffle 2 and 4/iMac Purple
79%
iPhone 5c/iPhone 13/iPad Air (5th Gen)/iPad Mini 6/iPod Touch 5-7/iPod Minis/iPod Nanos/iPod Shuffles/AirPods Max/iMac Pink
75%
Several iPhones/Several iPads (Pro, Air, Mini)/iPod Touch 6-7/iPod Mini 1/iPod Nano 7/iPod Shuffle 2 and 4/Apple Watch/MacBook Air Gold
71%
Several iPhones/Several iPads (Pro, Air, Mini)/iPod Touch 5-7/Newer iPods/iPod Minis/iPod Nanos/iPod Shuffles/Apple TV 1-2/Apple Watch/AirPods Max/iMac/MacBook/MacBook Pro/MacBook Air Silver
67%
iPod Nano 4-7/iPod Shuffle 4/iMac Orange
58%
Apple Watch (18K Gold) Rose
46%
Apple Watch (Titanium) Dark
29%
Apple Watch (Titanium) Light
29%
iPod Shuffle 2 Light Blue
29%
iPhone 13/SE (2022)/Apple Watch/MacBook Air Midnight
29%
iPhone 6S-7 (Plus)/First Gens iPad Pro/iPad Air (4th Gen)/Apple Watch Rose Gold
29%
Several iPhones/Several iPads (Pro, Air, Mini)/iPod Touch 5-7/iPod Shuffle 4/Apple Watch/AirPods Max/iMac/MacBook/MacBook Pro/MacBook Air Space Gray
29%
iMac Indigo
25%
iMac Lime
21%
iPod Shuffle 2 Light Green
17%
iPhone XR-13 (Mini)/SE (2022)/SE (2020)/iPod Touch 5-7/iPod Nanos/iPod Shuffle 2 and 4/Apple Watch (PRODUCT) Red
17%
iPad Air (4th Gen)/AirPods Max Sky Blue
17%
Apple Watch (Titanium) Natural
13%
iPhone XR Coral
8%
iPod Shuffle 3/Apple Watch Polished Stainless Steel
8%
iPhone 13/SE (2022)/iPad Air (5th Gen)/iPad Mini 6/Apple Watch/MacBook Air Starlight
8%
iPhone 11 Pro/Pro Max Midnight Green
4%
iMac Ruby
4%
Apple Watch Space Black
4%
iPhone 13 Pro/Pro Max Alpine Green
0%
iMac Blueberry
0%
iMac Blue Dalmatian
0%
iMac Bondi Blue
0%
iMac Flower Power
0%
iMac Grape
0%
iPhone 12-13 Pro/Pro Max/IPod Nano 6/Apple Watch/iMac Graphite
0%
iPhone 12 Pro/Pro Max Pacific Blue
0%
iMac Sage
0%
iPhone 13 Pro/Pro Max Sierra Blue
0%
iPod Touch 5/Some iPads/iPod Nano 7 Slate
0%
iMac Snow
0%
iMac Strawberry
0%
iMac Tangerine
0%
No matching quizzes found
Score Distribution
Percent of People with Each Score
Percentile by Number Answered
Your Score History
You have not taken this quiz